| 000 | 00650nam a22002171a 4500 | ||
|---|---|---|---|
| 999 |
_c6711 _d6711 |
||
| 001 | 6711 | ||
| 003 | BD-JhCC | ||
| 005 | 20180401121409.0 | ||
| 008 | 180128s1980 bg |||| ||a| 000 0 ben d | ||
| 035 | _a(BD-JhCC)6711 | ||
| 040 |
_aBD-JhCC _dBD-JhCC |
||
| 041 | _aben | ||
| 082 |
_a273.63 _bSHA 1980 |
||
| 245 |
_aশাশ্বত নবী / _cআবদুল গফুর সম্পা. |
||
| 260 |
_aঢাকা : _bইসলামী সাংস্কৃতিক কেন্দ্র, _c1980. |
||
| 300 |
_a173 p. : _c22 cm. |
||
| 650 | _aThe Prophet | ||
| 700 | _aগফুর, আবদুল | ||
| 942 |
_2ddc _cBK |
||